Cuentos populares de los judios del Norte de Marruecos / (Record no. 50938)

MARC details
000 -LEADER
campo de control de longitud fija 00712nam a2200193 i 4500
001 - NÚMERO DE CONTROL
campo de control 50938
003 - IDENTIFICADOR DE NÚMERO DE CONTROL
campo de control ES-MaACL
005 - FECHA Y HORA DE LA ÚLTIMA TRANSACCIÓN
campo de control 20230906162249.0
007 - CAMPO FIJO DE DESCRIPCIÓN FÍSICA--INFORMACIÓN GENERAL
campo de control de longitud fija t|
008 - DATOS DE LONGITUD FIJA--INFORMACIÓN GENERAL
campo de control de longitud fija 030807s1952 mr ||||1| spa d
245 00 - MENCIÓN DEL TÍTULO
Título Cuentos populares de los judios del Norte de Marruecos /
Mención de responsabilidad, etc. por Arcadio de Larrea Palacín.
250 ## - MENCION DE EDICION
Mención de edición [1ª ed.].
260 ## - PUBLICACIÓN, DISTRIBUCIÓN, ETC.
Lugar de publicación, distribución, etc. Tetuán :
Nombre del editor, distribuidor, etc. Marroquín,
Fecha de publicación, distribución, etc. 1952 (
Fabricante Cremades)
300 ## - DESCRIPCIÓN FÍSICA
Extensión 2 t. ;
Dimensiones 21 cm.
500 ## - NOTA GENERAL
Nota general Precede al tít.: Instituto General Franco de Estudios e Investigación Hispano-Arabe.
700 1# - ENTRADA AGREGADA--NOMBRE PERSONAL
Nombre de persona Larrea Palacín, Arcadio de.
9 (RLIN) 70340
710 2# - ENTRADA AGREGADA--NOMBRE DE ENTIDAD CORPORATIVA
Nombre de entidad corporativa o nombre de jurisdicción como elemento de entrada Instituto General Franco de Estudios e Investigación Hispano-Árabe.
9 (RLIN) 149197
852 ## - LOCALIZACIÓN
Ubicación ES-MaACL
Número de control de estantería C-11348-9
Sublocalización o colección R.38846
Holdings
Estatus retirado Estado de pérdida Estado de daño No para préstamo Biblioteca de origen Biblioteca actual Ubicación en estantería Fecha de adquisición Fuente de adquisición Total de préstamos Signatura topográfica completa Código de barras Visto por última vez Precio de reemplazo Tipo de ítem Koha
        Biblioteca del Ateneo de Madrid Biblioteca del Ateneo de Madrid Sala Palomar 17/01/2008     C-11348-9 1053569 23/02/2023 23/02/2023 Libro impreso